1995-2003: Han avanzado las mujeres? Indice de compromiso cumplido latinoamericano
Bewaard in:
| Hoofdauteurs: | , , |
|---|---|
| Formaat: | Boek |
| Taal: | Spaans |
| Gepubliceerd in: |
Santiago
FLACSO
2003
|
| Onderwerpen: | |
| Tags: |
Voeg label toe
Geen labels, Wees de eerste die dit record labelt!
|
MARC
| LEADER | 00000cam a2200000 a 4500 | ||
|---|---|---|---|
| 001 | UCG8370 | ||
| 003 | CL-VaPUC | ||
| 008 | 111202e20030000CL |||||||||||||||||spa|d | ||
| 020 | |a 9562051986 | ||
| 082 | 0 | 4 | |a 305.4 |b VAL |2 21 |
| 100 | 0 | |a Valdés Echenique, Teresa |e author |9 559379 | |
| 700 | 0 | |a Muñoz B., Ana María |e author |9 559380 | |
| 700 | 0 | |a Donoso O., Alina |e author |9 559381 | |
| 245 | 1 | 0 | |a 1995-2003: Han avanzado las mujeres? Indice de compromiso cumplido latinoamericano |
| 300 | |a 80 p | ||
| 942 | |c BK | ||
| 945 | |d 20111202 00:00:00 |a dcastane | ||
| 260 | |a Santiago |b FLACSO |c 2003 | ||
| 650 | 0 | |a Mujeres |9 257649 | |
| 650 | 0 | |a Igualdad de oportunidades |9 331873 | |
| 650 | 0 | |a Integración social |9 319662 | |
| 650 | 0 | |a Condiciones sociales |9 257278 | |
| 650 | 7 | |a IGUALDAD DE DERECHOS |2 CL-VaPUC |9 450533 | |
| 583 | |a last modification |c 20180912 05:44:27 |k Rodrigo Vera | ||
| 999 | |c 345982 |d 345980 | ||
| 952 | |0 0 |1 0 |4 0 |6 305_400000000000000_VAL_2003 |7 0 |8 A |9 446392 |a BIBCUR |b BIBCUR |d 2019-11-22 |i 4806832 |o 305.4 VAL 2003 |p 4806832 |r 2025-04-22 |w 2019-11-22 |y BK |k PER | ||
| 952 | |0 0 |1 0 |2 ddc |4 0 |6 305_400000000000000_VAL_2003 |7 0 |8 A |9 446393 |a BIBCUR |b BIBCUR |c PAC |d 2019-11-22 |i 4806840 |o 305.4 VAL 2003 |p 4806840 |r 2025-04-22 |w 2019-11-22 |y BK |k PER | ||
| 952 | |0 0 |1 0 |2 ddc |4 0 |6 305_400000000000000_VAL_2003 |7 0 |8 A |9 446394 |a BIBCUR |b BIBCUR |c PAC |d 2019-11-22 |i 4806859 |o 305.4 VAL 2003 |p 4806859 |r 2025-04-22 |w 2019-11-22 |y BK |k PER | ||
| 952 | |0 0 |1 0 |4 0 |6 305_400000000000000_VAL_2003 |7 0 |8 A |9 446395 |a BIBCUR |b BIBCUR |d 2019-11-22 |i 4806867 |o 305.4 VAL 2003 |p 4806867 |r 2025-04-22 |w 2019-11-22 |y BK |k PER | ||
| 952 | |0 0 |1 0 |4 0 |6 305_400000000000000_VAL_2003 |7 0 |8 A |9 446396 |a BIBCUR |b BIBCUR |d 2019-11-22 |i 4806875 |o 305.4 VAL 2003 |p 4806875 |r 2025-04-22 |w 2019-11-22 |y BK |k PER | ||